Az irány. {Directia}. [The direction]
Elmentve itt :
| Szerző: | |
|---|---|
| Adatforrás: | Meister |
| Forrásdokumentuma: | A Hét. - 2001. 32, 1. |
| Nyelv: | magyar |
| Kulcsszavak: | jegyzet nota note |
| LEADER | 00352nab a2200145 i 4500 | ||
|---|---|---|---|
| 001 | bibPRO00013109 | ||
| 008 | 080908s2001 xx hun | ||
| 040 | |a Sz1 | ||
| 041 | |a hun | ||
| 100 | 1 | |a TAMÁS Tímea | |
| 245 | 1 | 3 | |a Az irány. {Directia}. [The direction] |c TAMÁS Tímea |
| 695 | |a jegyzet | ||
| 695 | |a nota | ||
| 695 | |a note | ||
| 773 | 0 | |t A Hét. - |g 2001. 32, 1. | |